00675nam a2200241 a 4500001001300000003000900013005001700022008004100039020000800080082001800088100002200106245002500128260003900153300000900192500003500201505001300236650001800249700002200267902000800289942000700297952011400304999001500418nice12345678IN_TiNIC20260116011810.0050524s1957 hyda grp 000 0 urd  ac100a294.5924bAHM aAhmad, Hasanuddin aShrimad Bhagwat Gita aHyderabadbMatba Ibrahimiyyac1957 a160p aincludes index and biblioraphy2 aAppendix aBhagavad Gita1 aAhmad, Hasanuddin bSRS cBK 001040708StackRoom-aHMIbHMId2007-07-26g1.00l0o294.5924 AHMp06044r2007-07-26v1.00w2005-05-24yBK c4049d4049